[Event "StM 2004"]
[Site "Hartberg"]
[Date "2004.??.??"]
[Round "1.1"]
[White "Brod, Manfred"]
[Black "Stanec, Nikolaus"]
[Result "0-1"]
[WhiteElo "2233"]
[BlackElo "2562"]
[PlyCount "154"]
[EventDate "2004.??.??"]

1. e4 c5 2. Nf3 b6 3. c4 Bb7 4. Nc3 e6 5. d4 cxd4 6. Nxd4 a6 7. Bd3 Qc7 8. O-O
Nf6 9. Qe2 d6 10. Bd2 Nbd7 11. b3 g6 12. f3 Bg7 13. Qf2 O-O 14. Rac1 Rac8 15.
Be3 Rfe8 16. Rfd1 Qb8 17. Nde2 Ba8 18. Kh1 Nc5 19. Bb1 Ncd7 20. Bd3 Rc7 21. Bf4
Ne5 22. Bb1 Bf8 23. Qh4 Nh5 24. Bg5 Rec8 25. a4 Re8 26. Nd4 Nd7 27. Qf2 Nhf6
28. Qh4 Bg7 29. Nde2 Rc6 30. Bf4 Nc5 31. Bc2 Nh5 32. Be3 Nd7 33. Qf2 Rcc8 34.
Bb1 Nc5 35. Bc2 Rcd8 36. Bg5 Nf6 37. Qh4 Ncd7 38. Bf4 Bf8 39. Bg5 Be7 40. Qh6
Rc8 41. Be3 Bf8 42. Qh4 Bg7 43. Qf2 Kh8 44. Bf4 Ne5 45. Be3 Nfd7 46. Nd4 Rg8
47. Qd2 Bf6 48. Nde2 Be7 49. Nf4 g5 50. Nh5 Rc7 51. Bd4 Qf8 52. Qf2 Qh6 53. g4
Rcc8 54. Ne2 Qf8 55. Neg3 Bd8 56. Bb2 f6 57. Rd2 Qe7 58. Rcd1 Bc7 59. Ne2 Rgf8
60. Nhg3 Bb8 61. Nd4 Ng6 62. Ba3 Nde5 63. Nde2 b5 64. Bxd6 Bxd6 65. Rxd6 bxa4
66. Rxa6 axb3 67. Bxb3 Nh4 68. Nd4 Qb7 69. Rxe6 Nhxf3 70. Bc2 Qa7 71. Ngf5 Rxc4
72. Re7 Qc5 73. Bb1 Nxd4 74. Rxd4 Rc1+ 75. Kg2 Rxb1 76. Qa2 Rb7 77. Rd5 Qc3 0-1

[Event "StM 2004"]
[Site "Hartberg"]
[Date "2004.??.??"]
[Round "1.3"]
[White "Wegerer, Fred"]
[Black "Danner, Georg"]
[Result "0-1"]
[WhiteElo "2230"]
[BlackElo "2432"]
[PlyCount "154"]
[EventDate "2004.??.??"]

1. d4 Nf6 2. Nf3 e6 3. Nbd2 d5 4. e3 c5 5. c3 Nc6 6. Bd3 Qc7 7. O-O b6 8. Qe2
Bb7 9. dxc5 Bxc5 10. b4 Bd6 11. Bb2 O-O 12. Rac1 Rac8 13. a3 a5 14. c4 Qe7 15.
b5 Nb8 16. cxd5 Nxd5 17. Nc4 Bc7 18. h4 Nd7 19. g3 N5f6 20. Nce5 Nxe5 21. Nxe5
Bd6 22. a4 Ba3 23. Nc6 Bxc6 24. Bxf6 Qxf6 25. Rxc6 Bc5 26. Be4 Rcd8 27. Rd1 Qe5
28. Rxd8 Rxd8 29. Qc2 g6 30. Kg2 Kg7 31. Bf3 h5 32. Qe4 Qxe4 33. Bxe4 Rd2 34.
Kf3 f5 35. Rc7+ Kf6 36. Bb7 e5 37. Rc6+ Kg7 38. Bc8 e4+ 39. Kf4 Bd6+ 40. Kg5
Be7+ 41. Kf4 Bf6 42. f3 Rf2 43. Bxf5 gxf5 44. Kxf5 Rxf3+ 45. Kxe4 Rxg3 46. Rxb6
Kg6 47. Ra6 Rg4+ 48. Kf3 Rxa4 49. e4 Kf7 50. Kf4 Bxh4 51. b6 Bd8 52. Kf5 h4 53.
e5 Ke8 54. Ra8 Rb4 55. Rxa5 Rxb6 56. Ra3 Kf7 57. Rd3 Be7 58. Rf3 Rh6 59. Rf1
Rh5+ 60. Kg4+ Kg6 61. Re1 Rg5+ 62. Kh3 Rg3+ 63. Kh2 Kf5 64. Re2 Ra3 65. Kg2 Bg5
66. Kh1 Ke6 67. Re4 Rg3 68. Kh2 Kf5 69. Re2 Bf4 70. Kh1 Bxe5 71. Rf2+ Bf4 72.
Ra2 Rb3 73. Rg2 Rh3+ 74. Kg1 Be3+ 75. Kf1 Rh1+ 76. Ke2 h3 77. Rg8 h2 0-1

[Event "StM 2004"]
[Site "Hartberg"]
[Date "2004.??.??"]
[Round "1.4"]
[White "Sommerbauer, Norbert"]
[Black "Kastner, Walter"]
[Result "0-1"]
[WhiteElo "2431"]
[BlackElo "2229"]
[PlyCount "126"]
[EventDate "2004.??.??"]

1. e4 c5 2. Nf3 a6 3. c4 e6 4. Nc3 Nc6 5. d4 cxd4 6. Nxd4 Bc5 7. Nb3 b6 8. Nxc5
bxc5 9. Be3 d6 10. f4 Nge7 11. Qd2 Ra7 12. Rd1 Rd7 13. g3 Qc7 14. Bh3 Rd8 15.
O-O Nd4 16. Qf2 O-O 17. g4 Nec6 18. Bg2 f6 19. Kh1 Kh8 20. Rd3 Qf7 21. b3 g6
22. Rd2 e5 23. fxe5 dxe5 24. Nd5 Qg7 25. Nxf6 g5 26. b4 cxb4 27. h4 h6 28. Rd3
Bxg4 29. hxg5 Be2 30. Rd2 hxg5 31. Rxe2 Rxf6 32. Qxf6 Nxe2 33. Bxg5 Ng3+ 34.
Kg1 Nxf1 35. Qxg7+ Kxg7 36. Bxd8 Nxd8 37. Bxf1 Ne6 38. Kf2 Kf6 39. Bd3 Nc5 40.
Bc2 Kg5 41. Kg3 a5 42. Kf3 a4 43. Ke3 Kg4 44. Bd1+ Kg3 45. Bc2 a3 46. Bb1 Kg2
47. Ke2 Kg1 48. Ke1 Kg2 49. Ke2 Kg3 50. Ke3 Kg4 51. Bc2 Kg5 52. Bb1 Kf6 53. Kf3
Ke7 54. Kg4 b3 55. Kf5 Kd6 56. axb3 Nxb3 57. Ba2 Nc5 58. Bb1 Nd3 59. Ba2 Kc5
60. Ke6 Kd4 61. Kd6 Nc5 62. Kc6 Nxe4 63. Kb5 Nc3+ 0-1

[Event "StM 2004"]
[Site "Hartberg"]
[Date "2004.??.??"]
[Round "1.5"]
[White "Kreindl, Helmut"]
[Black "Neubauer, Martin"]
[Result "0-1"]
[WhiteElo "2228"]
[BlackElo "2429"]
[PlyCount "100"]
[EventDate "2004.??.??"]

1. d4 g6 2. Nf3 Bg7 3. e3 Nf6 4. Be2 O-O 5. Nbd2 c5 6. O-O cxd4 7. exd4 Nc6 8.
c3 d6 9. Re1 Qc7 10. Nf1 d5 11. g3 Bg4 12. Bf4 Qd7 13. Ne5 Bxe2 14. Qxe2 Nxe5
15. Bxe5 e6 16. Nd2 Rfc8 17. a4 Qc6 18. Qf3 Nd7 19. Bxg7 Kxg7 20. h4 h5 21. Qd3
Rab8 22. Qb5 a6 23. Qb4 b6 24. Nf3 Rb7 25. Ne5 Nxe5 26. Rxe5 b5 27. axb5 Qxb5
28. Qxb5 axb5 29. Re3 b4 30. Ra2 Rc4 31. Rf3 Rbc7 32. Ra4 Rb7 33. Ra2 Rc6 34.
Kg2 f5 35. Re3 Kf6 36. Ra1 bxc3 37. bxc3 Rb2 38. Ra3 Rc2 39. Kf3 g5 40. hxg5+
Kxg5 41. Rb3 h4 42. gxh4+ Kxh4 43. Ra3 Kg5 44. Rb3 Ra6 45. Kg2 f4 46. Rf3 Kf5
47. Rb8 Ke4 48. Rg8 Rc1 49. Rg6 Raa1 50. Rxe6+ Kf5 0-1

[Event "StM 2004"]
[Site "Hartberg"]
[Date "2004.??.??"]
[Round "1.6"]
[White "Lehner, Oliver"]
[Black "Krebs, Johann"]
[Result "1-0"]
[WhiteElo "2425"]
[BlackElo "2223"]
[PlyCount "47"]
[EventDate "2004.??.??"]

1. Nf3 Nf6 2. c4 g6 3. g3 Bg7 4. Bg2 O-O 5. O-O d6 6. Nc3 e5 7. d3 c6 8. Rb1 h6
9. b4 Be6 10. Bd2 Nbd7 11. b5 Qc7 12. bxc6 bxc6 13. Qa4 Rab8 14. Be3 Nb6 15.
Qa3 Ng4 16. c5 dxc5 17. Bxc5 Rfd8 18. Rfc1 f5 19. h3 Nf6 20. Be7 Rdc8 21. Bd6
Bf8 22. Bxc7 Bxa3 23. Bxb8 Bxc1 24. Bxe5 1-0

[Event "StM 2004"]
[Site "Hartberg"]
[Date "2004.??.??"]
[Round "1.8"]
[White "Schweda, Roland"]
[Black "Sulyok, Michael"]
[Result "1-0"]
[WhiteElo "2420"]
[BlackElo "2219"]
[PlyCount "133"]
[EventDate "2004.??.??"]

1. d4 f5 2. Bg5 g6 3. Nd2 Bg7 4. Ngf3 Nf6 5. Bxf6 Bxf6 6. e4 e6 7. Bd3 d5 8.
exd5 exd5 9. O-O O-O 10. Re1 Nc6 11. c3 Qd6 12. Qe2 Bd7 13. Ne5 Rae8 14. f4 Nd8
15. Ndf3 b6 16. Qf2 c6 17. Re2 Re7 18. Rae1 Rg7 19. Qg3 Qc7 20. Qf2 Nb7 21. c4
Nd6 22. cxd5 cxd5 23. Rc2 Qb7 24. Rec1 Ne4 25. Qe2 Qb8 26. Nxd7 Rxd7 27. Ne5
Bxe5 28. fxe5 Ng5 29. Rc6 Re7 30. Qf2 Ne6 31. Be2 Rc7 32. Bf3 Rd8 33. Qh4 Rdd7
34. Qf6 Rxc6 35. Rxc6 Nxd4 36. e6 Nxf3+ 37. gxf3 Rc7 38. Qe5 Rc8 39. Qxd5 Rxc6
40. Qxc6 Qe5 41. Qd7 Qe1+ 42. Kg2 Qe2+ 43. Kg3 f4+ 44. Kxf4 Qxh2+ 45. Ke4 Qc2+
46. Kf4 Qh2+ 47. Ke3 Qe5+ 48. Kd3 Qf5+ 49. Kc4 Qc5+ 50. Kd3 Qf5+ 51. Kd2 Qg5+
52. Kd1 Qg1+ 53. Ke2 Qg2+ 54. Ke3 Qg5+ 55. f4 Qc5+ 56. Kf3 Qf5 57. Qd8+ Kg7 58.
e7 Qh3+ 59. Kf2 Qh2+ 60. Ke3 Qg1+ 61. Ke4 Qg2+ 62. Ke5 Qxb2+ 63. Kd6 Qb4+ 64.
Kd7 Qa4+ 65. Kc8 Qc4+ 66. Kb8 Qxf4+ 67. Qc7 1-0

[Event "StM 2004"]
[Site "Hartberg"]
[Date "2004.??.??"]
[Round "1.7"]
[White "Ferrari, Josef"]
[Black "Pilaj, Herwig"]
[Result "1/2-1/2"]
[WhiteElo "2220"]
[BlackElo "2425"]
[PlyCount "69"]
[EventDate "2004.??.??"]

1. d4 Nf6 2. c4 g6 3. Nc3 Bg7 4. e4 d6 5. f3 O-O 6. Be3 c5 7. Nge2 Nc6 8. d5
Ne5 9. Ng3 Qa5 10. Qd2 Qb4 11. Nd1 Qxd2+ 12. Bxd2 e6 13. Nc3 exd5 14. exd5 a6
15. Be2 b5 16. cxb5 axb5 17. Bxb5 Ba6 18. O-O Bxb5 19. Nxb5 Nxd5 20. Nxd6 Nd3
21. Nb5 Nxb2 22. Ne4 Nc4 23. Bc3 Nxc3 24. Nexc3 Na3 25. Rac1 Rfb8 26. Nc7 Ra7
27. N7d5 Bd4+ 28. Kh1 Rb2 29. h3 Rd7 30. Rfd1 Kg7 31. Na4 Rxa2 32. Ndb6 Re7 33.
Nxc5 Bb2 34. Re1 Rxe1+ 35. Rxe1 1/2-1/2

[Event "StM 2004"]
[Site "Hartberg"]
[Date "2004.??.??"]
[Round "1.9"]
[White "Titz, Heimo"]
[Black "Weiss, Christian"]
[Result "1/2-1/2"]
[WhiteElo "2217"]
[BlackElo "2408"]
[PlyCount "182"]
[EventDate "2004.??.??"]

1. c4 g6 2. Nc3 Bg7 3. d4 d6 4. e4 Nd7 5. Nf3 e5 6. Be2 Ngf6 7. O-O O-O 8. Re1
c6 9. Bf1 a6 10. dxe5 dxe5 11. b3 Qe7 12. Qc2 Nh5 13. g3 b5 14. Be3 Bb7 15.
Rad1 Rfd8 16. Rd2 Nhf6 17. h3 b4 18. Na4 c5 19. Bg5 Bc6 20. Red1 h6 21. Bxf6
Bxf6 22. h4 a5 23. Nb2 Nf8 24. Rxd8 Rxd8 25. Rxd8 Qxd8 26. Bh3 Qa8 27. Nd2 Be7
28. Nd1 a4 29. Ne3 axb3 30. axb3 Qa1+ 31. Bf1 Ne6 32. Nd5 Bf8 33. Nf3 Kg7 34.
Kg2 h5 35. Bd3 f6 36. Qb1 Qa3 37. Qd1 Kf7 38. Qb1 Bh6 39. Qd1 Bc1 40. Qc2 Bb2
41. Qd1 Bd4 42. Qb1 Qa7 43. Qc1 Kg7 44. Qb1 Bd7 45. Qc1 Bc8 46. Kf1 Nf8 47.
Nxd4 cxd4 48. Qe1 Ne6 49. Qxb4 Nc5 50. Bb1 Bb7 51. Kg2 Bxd5 52. cxd5 Kf7 53. d6
Ke6 54. Qc4+ Kxd6 55. b4 Nd7 56. Ba2 Qb7 57. Qe6+ Kc7 58. Bd5 Qb6 59. Qf7 Qxb4
60. Qxg6 d3 61. Qxh5 d2 62. Qd1 Nc5 63. Bf7 Qxe4+ 64. Kf1 Qd3+ 65. Kg2 Qe4+ 66.
Kf1 Qd4 67. Bg6 Qc4+ 68. Kg2 Qc1 69. Bh5 Kd6 70. Qf3 f5 71. Qa8 d1=Q 72. Qf8+
Kc6 73. Bxd1 Qxd1 74. Qxf5 Qd5+ 75. f3 Qe6 76. Qxe6+ Nxe6 77. Kf2 Kd5 78. Ke3
Nd4 79. Kf2 Ke6 80. g4 Kf6 81. Ke3 Ne6 82. Ke4 Nf4 83. h5 Ke6 84. Ke3 Nh3 85.
Ke4 Kf6 86. Ke3 Kf7 87. Kd3 Ke7 88. Ke3 Kf6 89. Ke4 Ke6 90. Ke3 Nf4 91. Ke4 Nh3
1/2-1/2

[Event "StM 2004"]
[Site "Hartberg"]
[Date "2004.??.??"]
[Round "1.12"]
[White "Lendwai, Reinhard"]
[Black "Hatzl, Stefan"]
[Result "1-0"]
[WhiteElo "2388"]
[BlackElo "2213"]
[PlyCount "51"]
[EventDate "2004.??.??"]

1. e4 c5 2. Nf3 d6 3. d4 cxd4 4. Nxd4 Nf6 5. Nc3 a6 6. Bc4 e6 7. Bb3 Nbd7 8.
Bg5 Nc5 9. f4 h6 10. Bxf6 Qxf6 11. O-O Nxb3 12. axb3 Bd7 13. f5 Qe5 14. b4 Be7
15. fxe6 fxe6 16. Ra5 d5 17. exd5 Bxb4 18. dxe6 Bxa5 19. exd7+ Kd8 20. Re1
Qxe1+ 21. Qxe1 Bxc3 22. Qxc3 Kxd7 23. Qh3+ Kc7 24. Qg3+ Kd7 25. Qxg7+ Kd6 26.
Qxb7 1-0

[Event "StM 2004"]
[Site "Hartberg"]
[Date "2004.??.??"]
[Round "1.14"]
[White "Hoelzl, Franz"]
[Black "Kreisl, Robert"]
[Result "1-0"]
[WhiteElo "2373"]
[BlackElo "2206"]
[PlyCount "61"]
[EventDate "2004.??.??"]

1. Nf3 Nf6 2. c4 g6 3. Nc3 d5 4. Qa4+ Bd7 5. Qb3 dxc4 6. Qxc4 Bg7 7. e4 Nc6 8.
e5 Be6 9. exf6 Bxc4 10. fxg7 Rg8 11. Bxc4 Rxg7 12. O-O Nd4 13. Nxd4 Qxd4 14. d3
c6 15. a4 Qd7 16. Re1 g5 17. Be3 b6 18. d4 O-O-O 19. d5 cxd5 20. Nxd5 e6 21.
Nb4 Qd6 22. Ba6+ Kb8 23. Bd4 Qxd4 24. Nc6+ Kc7 25. Nxd4 Rxd4 26. Red1 Rxd1+ 27.
Rxd1 f5 28. Kf1 e5 29. Bb5 Re7 30. Ke2 h6 31. Ke3 1-0

[Event "StM 2004"]
[Site "Hartberg"]
[Date "2004.??.??"]
[Round "1.15"]
[White "Gerhold, Michael"]
[Black "Schroll, Gerhard"]
[Result "0-1"]
[WhiteElo "2203"]
[BlackElo "2367"]
[PlyCount "90"]
[EventDate "2004.??.??"]

1. d4 e6 2. Nf3 Nf6 3. c4 d5 4. e3 Bb4+ 5. Nc3 c5 6. a3 Ba5 7. Bd3 Nc6 8. O-O
O-O 9. Ne2 cxd4 10. exd4 dxc4 11. Bxc4 h6 12. Be3 Ne7 13. Qd3 a6 14. Rad1 b5
15. Ba2 Bb7 16. Ng3 Bd5 17. Bb1 Bc4 18. Qc2 Rc8 19. Ne4 Nxe4 20. Qxe4 f5 21.
Qh4 Nd5 22. Qxd8 Rfxd8 23. Bd3 Bxd3 24. Rxd3 Rc2 25. Rb1 Rdc8 26. Kf1 g5 27. h3
Kg7 28. Bd2 Bxd2 29. Rxd2 Rxd2 30. Nxd2 Rc2 31. Nb3 Nf4 32. Nc5 a5 33. Re1 Kf7
34. b3 Rd2 35. Nb7 Nd3 36. Re3 Rxf2+ 37. Kg1 Rd2 38. Nd8+ Kg8 39. Nxe6 f4 40.
Rf3 Nc1 41. b4 axb4 42. axb4 Ne2+ 43. Kf1 Ng3+ 44. Rxg3 fxg3 45. Nc7 Rf2+ 0-1

[Event "StM 2004"]
[Site "Hartberg"]
[Date "2004.??.??"]
[Round "1.16"]
[White "Karner, Christoph"]
[Black "Zoebisch, Herbert"]
[Result "1/2-1/2"]
[WhiteElo "2364"]
[BlackElo "2187"]
[PlyCount "59"]
[EventDate "2004.??.??"]

1. d4 d5 2. c4 dxc4 3. Nf3 Nf6 4. Nc3 a6 5. e4 b5 6. e5 Nd5 7. a4 e6 8. axb5
Bb4 9. Bd2 Nb6 10. g3 Bb7 11. bxa6 Rxa6 12. Rxa6 Nxa6 13. Bg2 O-O 14. O-O Be7
15. Be3 Nb4 16. Qe2 Qa8 17. Ne1 Bxg2 18. Nxg2 Rb8 19. Qg4 N4d5 20. Bh6 g6 21.
Bg5 Bf8 22. Ne3 Nxc3 23. bxc3 Nd5 24. Nxc4 Nxc3 25. Nd2 h5 26. Qf3 Qxf3 27.
Nxf3 c5 28. dxc5 Bxc5 29. Re1 Rb2 30. Bd2 1/2-1/2

[Event "StM 2004"]
[Site "Hartberg"]
[Date "2004.??.??"]
[Round "1.17"]
[White "Raffalt, Manfred"]
[Black "Miniboeck, Günter"]
[Result "0-1"]
[WhiteElo "2181"]
[BlackElo "2345"]
[PlyCount "94"]
[EventDate "2004.??.??"]

1. Nf3 c5 2. g3 Nc6 3. Bg2 e5 4. d3 g6 5. e4 Bg7 6. Be3 Nge7 7. Qd2 d6 8. Bh6
O-O 9. h4 f6 10. Nc3 Be6 11. Nd1 d5 12. Bxg7 Kxg7 13. Nc3 d4 14. Ne2 c4 15. Bh3
Bxh3 16. Rxh3 Qb6 17. Kf1 Qxb2 18. Qd1 cxd3 19. cxd3 b6 20. Kg2 Rac8 21. Rh1
Qa3 22. Qd2 h5 23. Rab1 Qa5 24. Qb2 Qa6 25. Qb3 Rc7 26. Rbc1 Rfc8 27. Rhd1 Nd8
28. Rxc7 Rxc7 29. Rc1 Rxc1 30. Nxc1 Qc8 31. Ne2 Ne6 32. Qa3 Qd7 33. Nd2 Nc5 34.
f4 Qa4 35. Qxa4 Nxa4 36. fxe5 fxe5 37. Nc1 Nc5 38. g4 hxg4 39. Nc4 Nc6 40. Kg3
Kf6 41. Kxg4 Nb4 42. Nb2 b5 43. Kf3 Kg7 44. Kg4 Kf6 45. Kf3 a5 46. Nb3 Nxb3 47.
axb3 Na2 0-1

[Event "StM 2004"]
[Site "Hartberg"]
[Date "2004.??.??"]
[Round "1.19"]
[White "Petroczi, Thomas"]
[Black "Wittmann, Walter"]
[Result "0-1"]
[WhiteElo "2176"]
[BlackElo "2337"]
[PlyCount "54"]
[EventDate "2004.??.??"]

1. d4 Nf6 2. Nf3 g6 3. g3 Bg7 4. Bg2 d5 5. O-O O-O 6. c4 dxc4 7. Nc3 c6 8. Ne5
Be6 9. Bf4 Nd5 10. Bd2 Nd7 11. Nf3 N7f6 12. Na4 Ne4 13. Ng5 Nxg5 14. Bxg5 Nb6
15. Nc5 Bc8 16. Be3 Nd7 17. Qc2 Nxc5 18. dxc5 Be6 19. Rfd1 Qa5 20. Bd4 Bxd4 21.
Rxd4 Rfd8 22. Rad1 Rxd4 23. Rxd4 Qxa2 24. Qc1 c3 25. bxc3 Qxe2 26. Re4 Qh5 27.
Rh4 Qe5 0-1

[Event "StM 2004"]
[Site "Hartberg"]
[Date "2004.??.??"]
[Round "1.20"]
[White "Benda, Herbert"]
[Black "Wagner, Stephan"]
[Result "1/2-1/2"]
[WhiteElo "2336"]
[BlackElo "2174"]
[PlyCount "67"]
[EventDate "2004.??.??"]

1. e4 c5 2. Nf3 Nc6 3. d4 cxd4 4. Nxd4 Nf6 5. Nc3 e5 6. Ndb5 d6 7. Bg5 a6 8.
Na3 b5 9. Bxf6 gxf6 10. Nd5 f5 11. Bd3 Be6 12. O-O Bg7 13. c4 Bxd5 14. exd5 Ne7
15. Rb1 bxc4 16. Nxc4 O-O 17. Qh5 e4 18. Bc2 Rc8 19. b3 Rc5 20. Rbd1 Qc7 21. f3
Nxd5 22. fxe4 Rxc4 23. bxc4 Ne3 24. Bd3 Qc5 25. Kh1 fxe4 26. Qxc5 dxc5 27. Bxe4
Nxd1 28. Rxd1 Bd4 29. Bd5 Re8 30. Rb1 Re2 31. a4 Ra2 32. Rf1 Rxa4 33. Rxf7 Ra1+
34. Rf1+ 1/2-1/2

[Event "StM 2004"]
[Site "Hartberg"]
[Date "2004.??.??"]
[Round "1.21"]
[White "Posch, Werner"]
[Black "Brandner, Stefan"]
[Result "0-1"]
[WhiteElo "2172"]
[BlackElo "2328"]
[PlyCount "84"]
[EventDate "2004.??.??"]

1. e4 e5 2. Nc3 Nf6 3. Bc4 Nxe4 4. Qh5 Nd6 5. Bb3 Nc6 6. Nb5 g6 7. Qf3 f5 8.
Qd5 Qe7 9. Nxc7+ Kd8 10. Nxa8 b6 11. d3 Bb7 12. h4 h6 13. Qf3 Nd4 14. Qh3 e4
15. Be3 Bg7 16. O-O-O N6b5 17. dxe4 Nxb3+ 18. axb3 Bxb2+ 19. Kd2 Qb4+ 20. Ke2
Ba6 21. Rd3 Nc3+ 22. Kf1 Qxe4 23. Ne2 Nxe2 24. Kxe2 Bxd3+ 25. cxd3 Qxa8 26. Qg3
Re8 27. Rd1 Re6 28. d4 Qd5 29. Kf1 a5 30. Kg1 Kc8 31. Bxh6 Kb7 32. Bg7 Re4 33.
Qf3 Ka7 34. Bf6 Qc6 35. Be5 Rxh4 36. d5 Qc2 37. Bxb2 Qxb2 38. Qg3 Qh8 39. Qc7+
Ka6 40. Kf1 Rh1+ 41. Ke2 Rxd1 42. Kxd1 Qd4+ 0-1

[Event "StM 2004"]
[Site "Hartberg"]
[Date "2004.??.??"]
[Round "1.22"]
[White "Fandler, Simon"]
[Black "Wallner, Joachim"]
[Result "0-1"]
[WhiteElo "1997"]
[BlackElo "2319"]
[PlyCount "80"]
[EventDate "2004.??.??"]

1. e4 c5 2. Nf3 e6 3. d4 cxd4 4. Nxd4 Qb6 5. Nb3 Qc7 6. Nc3 a6 7. Bd3 d6 8. O-O
Nf6 9. Be3 Nbd7 10. f4 b5 11. a3 Bb7 12. Qe2 Be7 13. Rae1 O-O 14. g4 Nc5 15.
Nxc5 dxc5 16. g5 Nd7 17. e5 b4 18. axb4 cxb4 19. Ne4 Nc5 20. Nf6+ Bxf6 21.
Bxh7+ Kxh7 22. Qh5+ Kg8 23. gxf6 Qc6 24. Re2 Rfd8 25. Bxc5 Qxc5+ 26. Ref2 Be4
27. Qg4 Bg6 28. h4 Qf8 29. Rg2 Bf5 30. Qg5 g6 31. h5 Qc5+ 32. Rff2 Kf8 33. h6
Ke8 34. h7 Kd7 35. Qh6 Kc6 36. Qg7 Qa7 37. Rh2 Be4 38. Kf1 Rd1+ 39. Ke2 Rad8
40. Qg8 R8d2# 0-1

[Event "StM 2004"]
[Site "Hartberg"]
[Date "2004.??.??"]
[Round "1.23"]
[White "Rolletschek, Heinrich"]
[Black "Nickl, Klaus"]
[Result "1/2-1/2"]
[WhiteElo "2316"]
[BlackElo "2171"]
[PlyCount "111"]
[EventDate "2004.??.??"]

1. e4 c6 2. d4 d5 3. Nd2 g6 4. Ngf3 Bg7 5. c3 Nh6 6. Bd3 O-O 7. O-O b6 8. Qe2
a5 9. Re1 Ra7 10. Nf1 f6 11. Bf4 Na6 12. h3 Nf7 13. exd5 cxd5 14. Qc2 Nc7 15.
Re2 Ne6 16. Bd2 Qd6 17. Rae1 Re8 18. Bb5 Rd8 19. a4 Bh6 20. Bxh6 Nxh6 21. g3
Nf8 22. Kg2 Bf5 23. Bd3 e6 24. N3d2 Qd7 25. Bxf5 Nxf5 26. Nb1 Rc7 27. Qb3 Rb8
28. Na3 Nd6 29. Nd2 Qc6 30. Nb5 Nxb5 31. Qxb5 Kf7 32. Qxc6 Rxc6 33. Ra1 g5 34.
Kf3 Ng6 35. Nf1 h5 36. Ne3 f5 37. Ng2 Kf6 38. Ke3 Rg8 39. f4 gxf4+ 40. Nxf4
Nxf4 41. Kxf4 Rc7 42. Rae1 Rc6 43. Re3 Rb8 44. Ra1 Rb7 45. Kf3 Re7 46. Kf2 Rc4
47. Ke2 Rg7 48. Kd3 Rgc7 49. Rf3 e5 50. dxe5+ Kxe5 51. Raf1 Rf7 52. Rf4 h4 53.
Rxh4 Rxh4 54. gxh4 Rh7 55. Re1+ Kd6 56. Rf1 1/2-1/2

[Event "StM 2004"]
[Site "Hartberg"]
[Date "2004.??.??"]
[Round "1.24"]
[White "Scheffknecht, Philipp"]
[Black "Schnider, Gert"]
[Result "1-0"]
[WhiteElo "2171"]
[BlackElo "2314"]
[PlyCount "71"]
[EventDate "2004.??.??"]

1. d4 Nf6 2. Nf3 e6 3. c4 b6 4. e3 Bb7 5. Bd3 d5 6. O-O dxc4 7. Bxc4 a6 8. Nc3
b5 9. Bd3 c5 10. dxc5 Bxc5 11. a3 O-O 12. e4 Be7 13. Re1 Nbd7 14. e5 Nd5 15.
Ne4 Rc8 16. Qe2 Qc7 17. Neg5 g6 18. Bd2 Nc5 19. Rac1 Qd7 20. Bc2 Na4 21. Qe4
Bxg5 22. Bxg5 Rc4 23. Qe2 Nxb2 24. Bxg6 fxg6 25. Qxb2 Rg4 26. h3 Ra4 27. Red1
Rf5 28. Rd4 Rxd4 29. Qxd4 Qf7 30. Bh6 Qe7 31. Qa7 Rh5 32. Qb8+ Kf7 33. Ng5+
Rxg5 34. Bxg5 Qxg5 35. Qxb7+ Qe7 36. Qxa6 1-0

[Event "StM 2004"]
[Site "Hartberg"]
[Date "2004.??.??"]
[Round "1.25"]
[White "Neumeier, Klaus"]
[Black "Herrmann, Johann"]
[Result "1-0"]
[WhiteElo "2305"]
[BlackElo "2168"]
[PlyCount "81"]
[EventDate "2004.??.??"]

1. e4 b6 2. d4 Bb7 3. Bd3 e6 4. Nf3 d6 5. O-O Nd7 6. Re1 g6 7. Nbd2 Bg7 8. Nf1
Ne7 9. Ng3 a6 10. c3 e5 11. Be3 c6 12. Qd2 h6 13. a4 Qc7 14. Qe2 O-O 15. Qd2
Kh7 16. h4 Nf6 17. Nh2 Bc8 18. Qe2 a5 19. f4 Re8 20. Qf2 c5 21. dxe5 dxe5 22.
fxe5 Qxe5 23. Bc4 Ng4 24. Nxg4 Bxg4 25. Bf4 Qf6 26. Nf1 Nc6 27. Qg3 Bd7 28. Ne3
Ne5 29. Bxe5 Qxe5 30. Qxe5 Rxe5 31. Bxf7 Rf8 32. Bd5 Rh5 33. Rf1 Bf6 34. g3 Kg7
35. Kg2 g5 36. Nf5+ Bxf5 37. Rxf5 Be7 38. Raf1 Rxf5 39. Rxf5 Bf6 40. e5 Bd8 41.
Bf7 1-0

[Event "StM 2004"]
[Site "Hartberg"]
[Date "2004.??.??"]
[Round "1.26"]
[White "Mayerhofer, Peter"]
[Black "Druckenthaner, Andreas"]
[Result "1/2-1/2"]
[WhiteElo "2165"]
[BlackElo "2290"]
[PlyCount "28"]
[EventDate "2004.??.??"]

1. e4 e5 2. Nf3 Nc6 3. d4 exd4 4. Bc4 Bc5 5. c3 Nf6 6. e5 d5 7. Bb5 Ne4 8. Nxd4
O-O 9. Bxc6 bxc6 10. O-O Ba6 11. Re1 Qh4 12. Be3 Bxd4 13. Qxd4 f6 14. exf6 Qxf6
1/2-1/2

[Event "StM 2004"]
[Site "Hartberg"]
[Date "2004.??.??"]
[Round "1.29"]
[White "Beck, Hartmuth"]
[Black "Deutsch, Ludwig"]
[Result "1-0"]
[WhiteElo "2279"]
[BlackElo "2155"]
[PlyCount "111"]
[EventDate "2004.??.??"]

1. d4 c5 2. d5 d6 3. c4 g6 4. Nc3 Bg7 5. e4 Nf6 6. f4 O-O 7. Nf3 e6 8. Be2 exd5
9. cxd5 a6 10. a4 Re8 11. e5 Nfd7 12. exd6 Nf6 13. O-O Qxd6 14. Ne5 Nbd7 15.
Nc4 Qc7 16. Bf3 h5 17. h3 Nf8 18. d6 Qd8 19. Be3 Be6 20. Ne5 N6d7 21. Bxb7 Nxe5
22. fxe5 Rb8 23. Bxa6 Rxb2 24. Bb5 Nd7 25. Qc1 Rb4 26. Bf4 Rf8 27. Qe3 Rb3 28.
Rac1 Qa8 29. Bxd7 Bxd7 30. Bh6 Rb2 31. Rf2 Rxf2 32. Kxf2 Rb8 33. Rc2 Bf5 34.
Rd2 Be6 35. Bxg7 Kxg7 36. Qf4 Qa5 37. Ne4 c4 38. d7 Rd8 39. Ng5 Kg8 40. Nxe6
fxe6 41. Qg5 Kh7 42. Qe7+ Kh6 43. Rd1 Qb6+ 44. Kf1 c3 45. Rc1 c2 46. g4 hxg4
47. hxg4 Qb1 48. Qh4+ Kg7 49. Qf6+ Kh6 50. g5+ Kh5 51. Qf3+ Kxg5 52. Qe3+ Kh5
53. Ke2 Rxd7 54. Qh3+ Kg5 55. Qg2+ Kh6 56. Qh1+ 1-0

[Event "StM 2004"]
[Site "Hartberg"]
[Date "2004.??.??"]
[Round "1.30"]
[White "Kranz, Armin"]
[Black "Holzer, Gerhard"]
[Result "0-1"]
[WhiteElo "2149"]
[BlackElo "2270"]
[PlyCount "112"]
[EventDate "2004.??.??"]

1. d4 g6 2. Nf3 Bg7 3. g3 Nf6 4. c4 O-O 5. Bg2 d6 6. Nc3 Nbd7 7. O-O c6 8. e4
e5 9. h3 a5 10. Be3 exd4 11. Nxd4 Qc7 12. Rc1 Re8 13. Qc2 Nc5 14. Rfe1 a4 15.
Rcd1 Qa5 16. Bf4 Bf8 17. Rd2 Nfd7 18. Red1 Ne5 19. b3 a3 20. Be3 Na6 21. f4 Nb4
22. Qb1 Nd7 23. Nc2 Nf6 24. Nxb4 Qxb4 25. Bd4 Nh5 26. Ne2 f5 27. exf5 Bxf5 28.
Qc1 Be4 29. g4 Ng7 30. Ng3 Bxg2 31. Rxg2 Re7 32. f5 Rae8 33. Rgd2 Rf7 34. Rf1
gxf5 35. gxf5 Qa5 36. Rg2 Kh8 37. Nh5 Re4 38. Bc3 Qc5+ 39. Kh1 Qe3 40. Qa1 Rh4
41. Rg3 Qe4+ 42. Kh2 Qe2+ 43. Kg1 Qxh5 44. Rff3 Re4 45. Rf2 Re2 46. Qd1 Qh4 47.
Rff3 Re8 48. Rg4 Qh6 49. Qa1 Re5 50. Bxe5 dxe5 51. Qxe5 Qc1+ 52. Rf1 Qb2 53.
Qb8 Qf6 54. Kh1 Qd6 55. Qc8 Qd3 56. Kg2 Nxf5 0-1

[Event "StM 2004"]
[Site "Hartberg"]
[Date "2004.??.??"]
[Round "1.31"]
[White "Kuthan, Andreas"]
[Black "Herndlbauer, Martin"]
[Result "1-0"]
[WhiteElo "2269"]
[BlackElo "2145"]
[PlyCount "55"]
[EventDate "2004.??.??"]

1. e4 c5 2. c3 Nf6 3. e5 Nd5 4. d4 cxd4 5. Nf3 Nc6 6. Bc4 Nb6 7. Bb3 d6 8. exd6
Qxd6 9. O-O Be6 10. Bxe6 Qxe6 11. Nxd4 Nxd4 12. Qxd4 Rd8 13. Qh4 Qe2 14. Nd2
Rxd2 15. Bxd2 Qxd2 16. Rfd1 Qxb2 17. Qg3 f6 18. Qb8+ Kf7 19. Qxb7 Qa3 20. c4
Kg6 21. c5 Qxc5 22. Qxa7 e6 23. Rac1 Qb5 24. Qb8 Qa6 25. Qg3+ Kf7 26. Rc7+ Kg8
27. Rd8 Qa3 28. Rxg7# 1-0

[Event "StM 2004"]
[Site "Hartberg"]
[Date "2004.??.??"]
[Round "1.32"]
[White "Zsifkovits, Robert"]
[Black "Srienz, Christian"]
[Result "0-1"]
[WhiteElo "2142"]
[BlackElo "2256"]
[PlyCount "64"]
[EventDate "2004.??.??"]

1. e4 c5 2. Nf3 Nc6 3. Bb5 g6 4. O-O Bg7 5. c3 Nf6 6. Re1 O-O 7. d4 cxd4 8.
cxd4 d5 9. e5 Ne4 10. Ng5 f6 11. Nxe4 dxe4 12. Rxe4 fxe5 13. Bxc6 bxc6 14. Qb3+
Kh8 15. dxe5 Rb8 16. Qc3 Qd5 17. Re1 c5 18. Qg3 Rb4 19. Nc3 Qc6 20. h3 h5 21.
f3 h4 22. Qf2 Bxh3 23. Ne4 Bf5 24. Qxh4+ Kg8 25. a3 Ra4 26. b3 Rd4 27. Bb2 Bxe5
28. Bxd4 Bxd4+ 29. Kh1 Rf7 30. Ng5 Qf6 31. Rad1 Qxg5 32. Rxd4 Rh7 0-1